[Event "TUR Cup"]
[Site "Ankara"]
[Date "2021.12.12"]
[Round "8"]
[White "Uzun, Anil"]
[Black "Ceylan, Arda"]
[Result "0-1"]
[WhiteElo "1391"]
[BlackElo "1724"]
[PlyCount "68"]
[EventDate "2021.12.08"]
[EventType "swiss"]
[EventRounds "9"]
[EventCountry "TUR"]
[SourceTitle "CBM 205 Extra"]
[Source "ChessBase"]
[SourceDate "2022.01.31"]
[SourceVersion "1"]
[SourceVersionDate "2022.01.31"]
[SourceQuality "1"]

1. Nf3 d5 2. d4 Nf6 3. b3 g6 4. e3 Bg7 5. Bb2 0-0 6. Bd3 c5 7. 0-0 cxd4 8. exd4 Nc6 9. Re1 e6 10. Nc3 Qa5 11. Na4 a6 12. Ne5 Nxe5 13. dxe5 Nd7 14. Bd4 Qc7 15. f4 b5 16. Nb2 Bb7 17. c3 Nc5 18. Qg4 Rfc8 19. Re3 Ne4 20. Nd1 Bf8 21. Rh3 Qd8 22. Bxe4 dxe4 23. Ne3 b4 24. Rd1 bxc3 25. Bxc3 Rxc3 26. Rxd8 Rxd8 27. Qh4 Rc1+ 28. Kf2 Rd2+ 29. Kg3 h5 30. Qg5 Rc3 31. Kh4 Bc8 32. Rg3 Rd7 33. Qxh5 Be7+ 34. Kh3 Rxe3 0-1

[Event "Ankara Ipek Memorial 8th"]
[Site "Ankara"]
[Date "2020.03.07"]
[Round "4"]
[White "Uzun, Anil"]
[Black "Kolsuz, Umut"]
[Result "0-1"]
[WhiteElo "1360"]
[BlackElo "1551"]
[PlyCount "48"]
[EventDate "2020.03.04"]
[EventType "swiss"]
[EventRounds "7"]
[EventCountry "TUR"]
[SourceTitle "CBM 195 Extra"]
[Source "ChessBase"]
[SourceDate "2020.05.31"]
[SourceVersion "1"]
[SourceVersionDate "2020.05.31"]
[SourceQuality "1"]

1. Nf3 Nf6 2. c4 e6 3. b3 d5 4. Bb2 b6 5. e3 Bb7 6. d4 Ne4 7. Nbd2 Nd7 8. g3 Bb4 9. cxd5 Bxd5 10. Rg1 Qf6 11. Qe2 Nc3 12. Bxc3 Bxc3 13. 0-0-0 a5 14. e4 Bb7 15. Nb1 Ba1 16. Ne1 Bxd4 17. Nd3 0-0 18. Rg2 Nc5 19. Nxc5 Bxc5 20. h4 a4 21. f4 axb3 22. axb3 Ra1 23. Qc2 Bxe4 24. Bd3 Bxg2 0-1